000 00243nam a2200097Ia 4500
001 832469
005 20250826172355.0
008 250824s9999 xx 000 0 und d
245 0 _aAYET AYET HAYAT
_cYAVUZ BAHADIROĞLU
260 _bPANAMA YAYINLARI
999 _c832469
_d832469